000 00449nam a2200181Ia 4500
001 28082
008 140415s9999 xx 000 0 und d
020 _a0-415-05815-5
040 _cPK-LaUMT
082 _a 291
_bWOR-
100 _aFriedhelm Hardy
245 4 _aThe world's religions
_bthe religions of Asia
_cFriedhelm Hardy
260 _aLondon,UK:
_bRoutledge,
_c1990
300 _a297 p.
546 _aEN
650 _aReligion
942 _cBK
999 _c28212
_d28212